000 00530nam a2200169 i 4500
001 58180
003 ES-MaACL
005 20230906163737.0
007 t|
008 031021s1958 sp ||||1| spa d
100 1 _aDuque, Aquilino.
_946145
245 1 3 _aLa calle de la luna
_b: (1950-1958) /
_cAquilino Duque.
260 _a[S.l. :
_bs.n.,
_c1958] (
_eSevilla :
_fAyuntamiento de Sevilla)
300 _a63 p., 1 lám. :
_bretr. aut. ;
_c18 cm.
852 _aES-MaACL
_j1998-F-20
_bR.43763
852 _aES-MaACL
_jC-19512
_bR.44391
999 _c58180
_d58180